हमारी गौरव गाथाएँ / (Record no. 89203)

MARC details
000 -LEADER
fixed length control field 01350nam a22002777a 4500
005 - DATE AND TIME OF LATEST TRANSACTION
control field 20180402165534.0
010 ## - LCCN (DPL NO)
LC control number HIN-103721 B-690268-269 बलिदानी
020 ## - INTERNATIONAL STANDARD BOOK NUMBER
International Standard Book Number 9789380839417
Terms of availability 200.00
020 ## - INTERNATIONAL STANDARD BOOK NUMBER
International Standard Book Number 9789380839417
Terms of availability 250.00(बलिदानी)
035 ## - SYSTEM CONTROL NUMBER
System control number HN-76067
035 ## - SYSTEM CONTROL NUMBER
System control number B-690268-269
037 ## - SOURCE OF ACQUISITION
Source of stock number/acquisition DBAD / PUB
037 ## - SOURCE OF ACQUISITION
Source of stock number/acquisition प्रभात
082 ## - DEWEY DECIMAL CLASSIFICATION NUMBER
Classification number
100 ## - MAIN ENTRY--PERSONAL NAME
Personal name सिंहल, मदनगोपाल
245 ## - TITLE STATEMENT
Title हमारी गौरव गाथाएँ /
Statement of responsibility, etc मदनगोपाल सिंहल
246 ## - VARYING FORM OF TITLE
Title proper/short title Hamari Gaurav Gathayen
Remainder of title by Madan Gopal Sinhal
260 ## - PUBLICATION, DISTRIBUTION, ETC. (IMPRINT)
Place of publication, distribution, etc दिल्ली
Name of publisher, distributor, etc एस.के.इंटरप्राइजेज
Date of publication, distribution, etc 2014
-- 2017 बलिदानी
270 ## - ADDRESS
Address सी-54, गणेश नगर काम्पलैक्स
City दिल्ली
Postal code 110092
300 ## - PHYSICAL DESCRIPTION
Extent 160पृ.
Dimensions 22से.मी.(सजिल्द)
500 ## - GENERAL NOTE
General note बलिदानी
650 ## - SUBJECT ADDED ENTRY--TOPICAL TERM
Topical term or geographic name as entry element लघु कथा साहित्य
650 ## - SUBJECT ADDED ENTRY--TOPICAL TERM
Topical term or geographic name as entry element Short Stories, Hindi
942 ## - ADDED ENTRY ELEMENTS (KOHA)
Source of classification or shelving scheme Dewey Decimal Classification
Item type Hindi Books
Classification part
Call number suffix सिंहल
Holdings
Withdrawn status Lost status Not for loan Collection code Home library Current library Date acquired Source of acquisition Cost, normal purchase price Full call number Barcode Copy number Cost, replacement price Koha item type
      Non-fiction Central Library Central Library 02/04/2018 प्रभात प्रकाशन PP/BL-5305/05.03.18/832/20.02.18/05.03.18 250.00 क सिंहल B-690268 1 250.00 Hindi Books
    Not For Loan Fiction D.B.Act.Division D.B.Act.Division 09/10/2014 DBAD / PUB 200.00 क सिंहल HN-76067 1 200.00 Hindi Books
      Non-fiction Sarojini Nagar Sarojini Nagar 02/04/2018 प्रभात प्रकाशन PP/BL-5305/05.03.18/832/20.02.18/05.03.18 250.00 क सिंहल B-690269 1 250.00 Hindi Books

© Delhi Public Library
Hit Counter
free hit counter